000 00339nam a2200145Ia 4500
008 191201s2005 xx 000 0 und d
082 _a540
_bATP
100 _aAtkins, Peter
245 0 _aPhysical Chemistry
250 _a7th
260 _aN.Delhi
_bOrefond univ. Press
_c2005
300 _a1149
650 _aApplied
942 _2ddc
_cBK
_02
999 _c1698
_d1698